[Event "Hannover-chA"]
[Site "Lehrte"]
[Date "2014.10.28"]
[Round "7"]
[White "Herbst, Volkhard"]
[Black "Malcharczyk, Lea"]
[Result "1-0"]
[WhiteElo "1284"]
[BlackElo "791"]
[PlyCount "129"]
[EventDate "2014.10.25"]
[EventType "swiss"]
[EventRounds "7"]
[EventCountry "GER"]
[SourceTitle "EXT 2021"]
[Source "ChessBase"]
[SourceDate "2020.10.23"]
[SourceVersion "1"]
[SourceVersionDate "2020.10.23"]
[SourceQuality "1"]

1. d4 d5 2. Nf3 Nc6 3. c4 e6 4. Nc3 Nf6 5. Bg5 Be7 6. e3 Ne4 7. Bxe7 Qxe7 8. Bd3 Nxc3 9. bxc3 0-0 10. cxd5 exd5 11. 0-0 Be6 12. a3 Qd7 13. Qb1 b6 14. Bxh7+ Kh8 15. Bd3 Ne7 16. Bb5 c6 17. Ba4 Bf5 18. Ne5 Qe6 19. Qd1 g6 20. Bc2 Rac8 21. Qe2 Bxc2 22. Qxc2 Qf5 23. Qd2 b5 24. f3 Kg7 25. Rae1 Rc7 26. e4 Qh5 27. Ng4 Re8 28. Qf4 Rcc8 29. Nf6 Qh6 30. Nxe8+ Rxe8 31. Qxh6+ Kxh6 32. exd5 cxd5 33. Re5 Kg7 34. Rfe1 Kf8 35. Kf2 a6 36. Kg3 a5 37. Kf4 f6 38. Re6 Kf7 39. g4 g5+ 40. Kg3 a4 41. R1e3 f5 42. Kf2 f4 43. Re2 Kf8 44. Rf6+ Kg7 45. Rb6 Kf7 46. Rxb5 Rc8 47. Rb7 Re8 48. Ra7 Kf6 49. Rexe7 Rxe7 50. Rxe7 Kxe7 51. Ke2 Ke6 52. Kd3 Kd6 53. c4 Kc6 54. Kc3 dxc4 55. Kxc4 Kd6 56. d5 Kd7 57. Kc5 Ke7 58. d6+ Kd7 59. Kd5 Kd8 60. Ke6 Ke8 61. Kf6 Kd7 62. Kxg5 Kxd6 63. Kxf4 Ke6 64. g5 Kf7 65. h4 1-0